Normal view
MARC view
- Capitalism
Entry Topical Term
001 - CONTROL NUMBER
- control field: 12767
003 - CONTROL NUMBER IDENTIFIER
- control field: NUST
005 - DATE AND TIME OF LATEST TRANSACTION
- control field: 20181222065242.0
008 - FIXED-LENGTH DATA ELEMENTS
- fixed length control field: 181222|| aca||aabn | a|a d
040 ## - CATALOGING SOURCE
- Original cataloging agency: NUST
- Transcribing agency: NUST
150 ## - HEADING--TOPICAL TERM
- Topical term or geographic name entry element: Capitalism
- Geographic subdivision: United States.
670 ## - SOURCE DATA FOUND
- Source citation: Work cat.: (NUST)0: Reich, Robert B. 12766, The work of nations :, 1992.
